[Event "Rapid"]
[Site "Hustopece CZE"]
[Date "2009.06.06"]
[Round "2"]
[White "Holemar,D"]
[Black "Movsesian,S"]
[Result "0-1"]
[WhiteElo "2326"]
[BlackElo "2747"]

1.d4 Nf6 2.c4 g6 3.Nc3 Bg7 4.e4 O-O 5.f4 d6 6.Nf3 Na6 7.c5 dxc5 8.Bxa6 bxa6
9.dxc5 Bb7 10.Qxd8 Rfxd8 11.e5 Ne4 12.Nxe4 Bxe4 13.Be3 Rab8 14.b3 f6 15.exf6 exf6
16.Rd1 Bf8 17.Kf2 Kf7 18.Rd4 Rxd4 19.Bxd4 Rd8 20.Be3 a5 21.Rc1 a4 22.Rc4 Bc6
23.bxa4 Rb8 24.Rc2 Bxa4 25.Rd2 Be7 26.g4 Bc6 27.Nd4 Be4 28.Nb3 Ke6 29.Nd4+ Kf7
30.Nb3 Ke8 31.g5 fxg5 32.fxg5 Rb4 33.Re2 c6 34.Bd4 Bd3 35.Re3 Bb1 36.Bf6 Re4
37.Rxe4 Bxe4 38.Bxe7 Kxe7 39.Ke3 Bd5 40.Nc1 Ke6 41.Kf4 Bc4 42.Nb3 Kd5 43.Nd2 Bxa2
44.Ne4 Bb3  0-1

[Event "Rapid"]
[Site "Hustopece CZE"]
[Date "2009.06.06"]
[Round "6"]
[White "Laznicka,V"]
[Black "Movsesian,S"]
[Result "0-1"]
[WhiteElo "2598"]
[BlackElo "2747"]

1.d4 Nf6 2.c4 g6 3.Nc3 Bg7 4.e4 O-O 5.f3 c6 6.Be3 d5 7.cxd5 cxd5 8.e5 Ne8
9.f4 Nc6 10.Nf3 Nc7 11.Be2 Bg4 12.O-O f6 13.h3 Bxf3 14.Bxf3 fxe5 15.fxe5 e6
16.Qd2 Qd7 17.h4 Rf7 18.h5 Raf8 19.h6 Bh8 20.Be2 Ne7 21.g4 Nc6 22.Rxf7 Rxf7
23.Rf1 Rxf1+ 24.Bxf1 Nd8 25.Nd1 Nf7 26.Nf2 Qe7 27.g5 Na8 28.Bd3 Nb6 29.b3 Nd8
30.Ng4 Nc6 31.Bb5 Nc8 32.Kg2 Qd7 33.Qc3 N8e7 34.Qc5 a6 35.Bxc6 Nxc6 36.Bc1 Qf7
37.Ba3 Qe8 38.Kf3 Kf7 39.Ke3 Qd8 40.Kf4 Qe8 41.Ke3 Qd8 42.Kd3 Nb8 43.Qb4 b6
44.Qd6 Qxd6 45.Bxd6 Nc6 46.Kc3 Ke8 47.Bc7 b5 48.Bd6 Kd7 49.Bf8 Ke8 50.Bd6 Kd7
51.a4 bxa4 52.bxa4 Ke8 53.Bc5 Kd7 54.Nf2 Ke8 55.Nd3 Nd8 56.Ba3 Nf7 57.Bc1 Nd8
58.Nc5 a5 59.Ba3 Kf7 60.Nb7 Nxb7 61.Kd3 Nd8 62.Kc3 Nc6 63.Bd6 Ke8 64.Kd3 Nd8
65.Ba3 Nf7 66.Bc1 Bxe5 67.dxe5 Nxe5+  0-1

[Event "Rapid"]
[Site "Hustopece CZE"]
[Date "2009.06.06"]
[Round "7"]
[White "Movsesian,S"]
[Black "Stocek,J"]
[Result "1/2-1/2"]
[WhiteElo "2747"]
[BlackElo "2573"]

1.e4 e5 2.Nf3 Nc6 3.Bc4 d6 4.O-O Bg4 5.c3 Qd7 6.d3 Nf6 7.a4 Be7 8.a5 a6 9.Nbd2 O-O
10.Re1 Rad8 11.Qb3 Bh5 12.Ng5 d5 13.exd5 Nxd5 14.Ngf3 Nf4 15.Nxe5 Nxe5 16.Rxe5 Qg4
17.g3 Rd6 18.Rxh5 Ne2+ 19.Kg2 Qxh5 20.Ne4 Nxc1 21.Rxc1 Rh6 22.h4 Qxa5 23.Qxb7 Qb6
24.Qxb6 Rxb6 25.b4 g6 26.Ra1 Kg7 27.d4 Ra8 28.Ra5 f5 29.Nc5 Bxc5 30.dxc5 Rf6
31.b5 axb5 32.Rxa8 bxc4 33.Ra4 Rc6 34.Rxc4 Kf6 35.Kf3 Ke5 36.Ke3 Kd5 37.Rd4+ Ke6
38.Rc4 Kd5 39.Rd4+  1/2-1/2

[Event "Synthesia Rapid Open"]
[Site "Pardubice CZE"]
[Date "2009.07.22"]
[Round "1"]
[White "Movsesian,S"]
[Black "Wagener,Cl"]
[Result "1-0"]
[WhiteElo "2716"]
[BlackElo "2276"]

1.e4 c5 2.Nf3 e6 3.Nc3 Nc6 4.Bb5 Nd4 5.O-O a6 6.Bd3 Ne7 7.Nxd4 cxd4 8.Ne2 Nc6
9.c3 Bc5 10.Kh1 d5 11.exd5 Qxd5 12.Ng3 Bd7 13.b4 Be7 14.c4 Qd6 15.a3 Qc7
16.f4 g6 17.Bb2 Bf6 18.b5 Ne7 19.a4 O-O 20.Ne4 Bg7 21.Ba3 Bc8 22.Qb3 Rd8
23.b6 Qd7 24.Nc5 Qe8 25.Be4 Rb8 26.Qf3 Nf5 27.a5 d3 28.Bxf5 Bxa1 29.Rxa1 exf5
30.Bb2 Bd7 31.Qxd3 Qe7 32.Qd4 f6 33.Qxf6 Qxf6 34.Bxf6 Bc6 35.d4 Rdc8 36.Be5 Ra8
37.Bc7  1-0

[Event "Synthesia Rapid Open"]
[Site "Pardubice CZE"]
[Date "2009.07.22"]
[Round "2"]
[White "Pribyl,Jo"]
[Black "Movsesian,S"]
[Result "0-1"]
[WhiteElo "2372"]
[BlackElo "2716"]

1.c4 e5 2.Nc3 Nc6 3.g3 Bc5 4.Bg2 Nf6 5.e3 O-O 6.Nge2 a6 7.O-O d6 8.d4 Ba7
9.h3 h6 10.b3 Bf5 11.Bb2 Re8 12.Qd2 exd4 13.Nxd4 Nxd4 14.exd4 c6 15.Rfe1 Qd7
16.Kh2 b5 17.d5 c5 18.Rxe8+ Rxe8 19.Re1 Rb8 20.Nd1 Nh7 21.f4 bxc4 22.bxc4 Qa4
23.Re7 Bb6 24.Ne3 Bd7 25.Qc3 Nf6 26.Qb3 Ne8 27.Qc3 f6 28.Be4 Ba5 29.Qa3 Kf8
30.Re6 Qxa3 31.Bxa3 Bxe6 32.dxe6 Nc7 33.f5 Bc3 34.Bc1 Bb2 35.Bd2 Bd4 36.Nd1 Ke7
37.Ba5 Na8 38.Bd3 Nb6 39.Kg2 Na4 40.Kf3 Nb2 41.Be2 Nxd1 42.Bxd1 Rb2 43.Bb3 Rf2+
44.Ke4 Re2+ 45.Kf4 Rf2+ 46.Ke4 g6 47.fxg6 Kxe6 48.g4 f5+ 49.gxf5+ Rxf5 50.Bd2 h5
51.Ba4 Kf6 52.Bc2 Kxg6 53.Bf4 Kf6 54.Bxd6 Rf2 55.Bb3 Ke6 56.Bc7 Re2+ 57.Kf4 Be5+
58.Kf3 Rh2 59.Bb6 Rxh3+  0-1

[Event "Synthesia Rapid Open"]
[Site "Pardubice CZE"]
[Date "2009.07.23"]
[Round "5"]
[White "Movsesian,S"]
[Black "Biolek,R2"]
[Result "1-0"]
[WhiteElo "2716"]
[BlackElo "2433"]

1.e4 c5 2.Nf3 e6 3.d4 cxd4 4.Nxd4 Nf6 5.Nc3 Nc6 6.Ndb5 Bb4 7.a3 Bxc3+ 8.Nxc3 d5
9.exd5 exd5 10.Bd3 O-O 11.O-O Bg4 12.f3 Bh5 13.Bg5 Qd6 14.Kh1 d4 15.Nb5 Qe5
16.Qd2 Nd5 17.Rfe1 Ne3 18.Nxd4 Qxd4 19.Qxe3 Qxb2 20.Rab1 Qa2 21.Rxb7 Bg6
22.Bxg6 hxg6 23.Qb3 Qxb3 24.cxb3 Rfe8 25.Rxe8+ Rxe8 26.h4 f6 27.Bf4 a5 28.b4 axb4
29.axb4 Nd4 30.Rb8 Rxb8 31.Bxb8 Kf7 32.Ba7 Nb5 33.Bc5 f5 34.Kg1 Kf6 35.Be3 Ke5
36.Kf2 Nc3 37.Bc5 f4 38.Ke1 Kd5 39.Bf8 Kc4 40.Bxg7 Nd5 41.Ke2 Nxb4 42.Be5 Nd3
43.Bb8 Kc3 44.Bc7 Nc1+ 45.Ke1 Nd3+ 46.Kd1 Nb2+ 47.Ke2 Nd3 48.Ba5+ Kc4 49.Kd2 Nc5
50.Bc7 Ne6 51.Be5 Kd5 52.Bf6 Kc4 53.Kc2 Nc5 54.Be5 Nd3 55.Bc3 Nc5 56.Ba5 Ne6
57.Kd2 Nd4 58.Bd8 Nb3+ 59.Ke2 Nc1+ 60.Kd1 Nd3 61.Kd2 Nc5 62.Bc7 Ne6 63.Bb8 Kd4
64.Ke2 Kd5 65.Kf2 Kc6 66.Kg1 Kd5 67.Kh2 Kd4 68.Kh3 Ke3 69.Kg4 Kf2 70.Bxf4 Kxg2
71.Be5 Kf2 72.f4 Ke3 73.f5 gxf5+ 74.Kxf5 Nf8 75.h5 Kf3 76.h6 Nh7 77.Bd6  1-0

[Event "Synthesia Rapid Open"]
[Site "Pardubice CZE"]
[Date "2009.07.23"]
[Round "6"]
[White "Neiksans,A"]
[Black "Movsesian,S"]
[Result "1/2-1/2"]
[WhiteElo "2478"]
[BlackElo "2716"]

1.e4 c5 2.Nf3 d6 3.d4 cxd4 4.Nxd4 Nf6 5.Nc3 e6 6.Be2 Be7 7.f4 O-O 8.Be3 Nc6
9.Qd2 Bd7 10.O-O-O Nxd4 11.Bxd4 Bc6 12.Bf3 Nd7 13.Kb1 b5 14.e5 d5 15.f5 Bg5
16.Qe1 b4 17.Ne2 exf5 18.h4 Be7 19.Nf4 Qa5 20.Qg3 Bc5 21.Bxd5 Bxd5 22.Nxd5 Bxd4
23.Rxd4 Qc5 24.Nf6+ Nxf6 25.exf6 g6 26.Qf4 Rfe8 27.Rhd1 a5 28.h5 Qe5 29.hxg6 Qxf4
30.gxh7+ Kxh7 31.Rxf4 Kg6 32.g4 Rad8 33.Rg1 Re5 34.gxf5+ Kxf6 35.Rgf1 Rdd5
36.b3 Rxf5 37.c4 bxc3 38.Kc2 Rxf4 39.Rxf4+ Ke6 40.Kxc3 f5 41.b4 Ke5 42.Rf1 f4
43.a4 axb4+  1/2-1/2

[Event "Synthesia Rapid Open"]
[Site "Pardubice CZE"]
[Date "2009.07.23"]
[Round "7"]
[White "Movsesian,S"]
[Black "Khaetsky,R"]
[Result "1-0"]
[WhiteElo "2716"]
[BlackElo "2386"]

1.e4 Nc6 2.Nf3 d6 3.d4 Nf6 4.Nc3 Bg4 5.Be3 e6 6.h3 Bh5 7.Be2 Be7 8.g4 Bg6
9.Nd2 d5 10.e5 Ne4 11.Ndxe4 dxe4 12.Qd2 Nb4 13.O-O-O Nd5 14.Nxd5 exd5 15.Rdg1 Qd7
16.h4 f6 17.h5 Bf7 18.g5 fxe5 19.g6 Be6 20.h6 Bf6 21.dxe5 Bxe5 22.Bd4 Bxd4
23.Qxd4 hxg6 24.Rxg6 Qf7 25.Qe5  1-0

[Event "16th ORDIX Open"]
[Site "Mainz GER"]
[Date "2009.08.01"]
[Round "2"]
[White "Movsesian,S"]
[Black "Hess,C1"]
[Result "1-0"]
[WhiteElo "2716"]
[BlackElo "2257"]

1.e4 c6 2.d4 d5 3.e5 c5 4.dxc5 Nc6 5.Bb5 e6 6.Be3 Bd7 7.Bxc6 Bxc6 8.Nf3 Ne7
9.c3 Nf5 10.Bd4 a5 11.O-O Nxd4 12.Qxd4 a4 13.Nbd2 Qa5 14.b4 axb3 15.Nxb3 Qa3
16.Qg4 g6 17.h4 Ra4 18.Nfd4 h5 19.Qf3 Rc4 20.Qf6 Rh7 21.Rab1 Be7 22.Qf3 Kd7
23.Nxc6 bxc6 24.Nd4 Qxc5 25.Rb7+ Ke8 26.Rfb1 Bd8 27.Nxe6 fxe6 28.Rxh7 Qf8
29.Qxf8+ Kxf8 30.Rh8+  1-0

[Event "16th ORDIX Open"]
[Site "Mainz GER"]
[Date "2009.08.01"]
[Round "3"]
[White "Eisenbeiser,A"]
[Black "Movsesian,S"]
[Result "0-1"]
[WhiteElo "2390"]
[BlackElo "2716"]

1.e4 c5 2.c4 Nc6 3.Ne2 e6 4.Nbc3 Nf6 5.d4 cxd4 6.Nxd4 Bb4 7.Nxc6 bxc6 8.Bd3 e5
9.O-O O-O 10.Qc2 Bc5 11.Rb1 a5 12.Na4 Bd4 13.c5 d5 14.Bg5 Ba6 15.Nb6 Bxd3
16.Qxd3 dxe4 17.Qh3 Ra7 18.Bxf6 gxf6 19.Qg4+ Kh8 20.Qxe4 Bxc5 21.Nc4 Qd5
22.Qh4 Qe6 23.Rbd1 Bd4 24.Rd3 Rg8 25.Rh3 Rg7 26.b3 Ra8 27.Nd2 f5 28.Nf3 c5
29.Rg3 Rxg3 30.hxg3 e4 31.Ng5 Qg6 32.Nh3 Rg8 33.Kh2 h6 34.Qf4 Kh7 35.Qc7 Rg7
36.Nf4 Qg4 37.Kh1 h5 38.Qd7 h4 39.f3 exf3 40.Rxf3 hxg3 41.Nh3 Qxh3+  0-1

[Event "16th ORDIX Open"]
[Site "Mainz GER"]
[Date "2009.08.02"]
[Round "6"]
[White "Movsesian,S"]
[Black "Gyimesi,Z"]
[Result "0-1"]
[WhiteElo "2716"]
[BlackElo "2591"]

1.Nf3 Nf6 2.g3 d5 3.Bg2 c6 4.O-O Bg4 5.d3 Nbd7 6.h3 Bh5 7.Qe1 e5 8.e4 dxe4
9.dxe4 Bc5 10.Nbd2 O-O 11.Nc4 Re8 12.a4 Nb6 13.Na5 Qc7 14.Nh4 Nfd7 15.b4 Be7
16.Nf5 Nf8 17.f4 Bf6 18.g4 Bg6 19.g5 Bd8 20.fxe5 Ne6 21.Nd6 Bxg5 22.Nxe8 Rxe8
23.Bxg5 Nxg5 24.h4 Ne6 25.Qc3 Nd7 26.Nc4 Nef8 27.Rad1 Nxe5 28.Nd6 Re7 29.Qg3 h5
30.a5 Nfd7 31.Nf5 Re8 32.c4 Nf6 33.c5 Kh7 34.Nd6 Re7 35.Bh3 Nxe4 36.Qf4 Nf6
37.Bf5 Neg4 38.Rfe1 Nh6 39.Bxg6+ fxg6 40.Kf1 Nd5 41.Qg5 Rxe1+ 42.Rxe1 Qd7
43.Kg2 Ng4 44.b5 Ngf6 45.a6 b6 46.Nc4 cxb5 47.Ne5 Qe8 48.c6 b4 49.Kf1 b3
50.Nd7 Qc8 51.Kg2 Qxc6 52.Qxg6+ Kxg6 53.Ne5+ Kf5 54.Nxc6 Nc7 55.Nd4+ Kg4
56.Re7 b2 57.Rxg7+ Kf4 58.Ne2+ Ke5 59.Nc3 Nfd5 60.Nb1 Nxa6 61.Rxa7 Nc5 62.Kf3 Kd4
63.Ra2 Nd3 64.Ra4+ N5b4 65.Ke2 b5 66.Ra8 Ne5 67.Rd8+ Kc4 68.Kd2 Kb3 69.Rc8 Nc4+
70.Kd1 Nd5 71.Rc5 Ka2 72.Kc2 Nde3+ 73.Kc3 Kxb1 74.Rxb5 Kc1 75.Rxb2 Nxb2 76.Kd4 Ng2
77.Ke4 Nxh4 78.Kf4 Ng6+ 79.Kg5 h4  0-1

[Event "16th ORDIX Open"]
[Site "Mainz GER"]
[Date "2009.08.02"]
[Round "9"]
[White "Jovanovic,Zo CRO"]
[Black "Movsesian,S"]
[Result "1-0"]
[WhiteElo "2539"]
[BlackElo "2716"]

1.e4 c5 2.Nf3 e6 3.d4 cxd4 4.Nxd4 Nf6 5.Nc3 d6 6.g4 h6 7.h4 Nc6 8.Rg1 d5
9.Nxc6 bxc6 10.g5 hxg5 11.hxg5 Nd7 12.g6 f6 13.exd5 cxd5 14.Bb5 Bb4 15.Qe2 Qb6
16.Bd2 a6 17.Ba4 Bb7 18.Bxd7+ Kxd7 19.O-O-O Bc6 20.Rge1 Rae8 21.Qg4 Bd6 22.Be3 Qb4
23.Rd4 Qa5 24.Red1 Kc7 25.Bf4 Bxf4+ 26.Qxf4+ e5 27.Qg3 Kb7 28.R4d3 d4 29.Nb1 Rc8
30.Na3 Qc5 31.b4 Qd5 32.Kb2 Ka7 33.c4 dxc3+ 34.Ka1 Qe4 35.Rxc3 Qxb4 36.Qe3+ Ka8
37.Rb1 Qd4 38.Nc4 Ka7 39.Nb6 Rc7 40.Nd5 Rcc8 41.Ne7 Bb7 42.Nxc8+ Rxc8 43.Qxd4+ exd4
44.Rxc8 Bxc8 45.Rd1 Bf5 46.Rxd4 Kb6 47.Rd8 Bxg6 48.Rg8 Be4 49.Rxg7 f5 50.Kb2 Kc5
51.Kc3 Bd5 52.a3 Be4 53.Rd7 Kc6 54.Rd8 Kc5 55.Rc8+ Kb5 56.Rc4 Bd5 57.Rf4 Be6
58.Rd4 Kc5 59.Rd8 Bd5 60.Rc8+ Kb5 61.Rb8+ Kc5 62.Re8 Be4 63.Re5+ Kb6 64.Kd4 Bb1
65.a4 Kc6 66.Re6+ Kb7 67.a5 Bc2 68.Rb6+ Ka7 69.Ke5 Bd3 70.f4 Be4 71.Rf6 Kb7
72.Rxf5  1-0

[Event "16th ORDIX Open"]
[Site "Mainz GER"]
[Date "2009.08.02"]
[Round "11"]
[White "Movsesian,S"]
[Black "Lalic,B"]
[Result "1/2-1/2"]
[WhiteElo "2716"]
[BlackElo "2517"]

1.Nf3 Nf6 2.g3 g6 3.Bg2 Bg7 4.O-O d5 5.d3 O-O 6.Nc3 d4 7.Nb1 c5 8.e4 dxe3
9.Bxe3 Nd5 10.Bc1 Nc6 11.Re1 b6 12.Nbd2 Bb7 13.c3 Qc7 14.h4 Rad8 15.Qe2 h6
16.Nc4 Rfe8 17.Bd2 e5 18.Rad1 b5 19.Ne3 Nxe3 20.Bxe3 Ne7 21.Qc2 Nf5 22.Bc1 e4
23.dxe4 Rxd1 24.Qxd1 Rxe4 25.Bf4 Qe7 26.Rxe4 Bxe4 27.Qe2 c4 28.g4 Bd3 29.Qxe7 Nxe7
30.Ne1 Be2 31.Bd6 Bf8 32.Bf3 Bxf3 33.Nxf3 Nd5 34.Bxf8 Kxf8 35.Ne5 Ke7 36.Kg2 Ke6
37.Nc6 Kd6 38.Nd4 b4 39.Kf3 bxc3 40.Nb5+ Ke5 41.Nxc3 Nxc3  1/2-1/2

[Event "18th TCh-CRO"]
[Site "Sibenik CRO"]
[Date "2009.09.26"]
[Round "6"]
[White "Abasov,N"]
[Black "Movsesian,S"]
[Result "1/2-1/2"]
[WhiteElo "2525"]
[BlackElo "2711"]

1.d4 d5 2.c4 c6 3.cxd5 cxd5 4.Nf3 Nc6 5.Nc3 Nf6 6.Bf4 Bf5 7.e3 e6 8.Qb3 Bb4
9.Bb5 O-O 10.O-O Bxc3 11.Bxc6 Bxb2 12.Bxb7 Bxa1 13.Rxa1 Qb6  1/2-1/2

[Event "18th TCh-CRO"]
[Site "Sibenik CRO"]
[Date "2009.09.27"]
[Round "7"]
[White "Movsesian,S"]
[Black "Ruck,R1"]
[Result "1/2-1/2"]
[WhiteElo "2711"]
[BlackElo "2548"]

1.e4 c5 2.d3 g6 3.g3 Bg7 4.Bg2 Nc6 5.f4 e6 6.Nf3 Nge7 7.c3 O-O 8.O-O b6 9.Be3 Ba6
10.Bf2 Rc8 11.Re1 d6 12.Na3 Qd7 13.Nc2 e5 14.d4 cxd4 15.cxd4 exf4 16.gxf4 d5
17.e5 Bh6 18.Ng5 Bxg5 19.fxg5 Qf5 20.Ne3 Qxg5 21.h4 Qf4 22.Ng4 Nb4 23.Re3 Nf5
24.Nf6+ Kh8 25.Rf3 Qh6 26.a3 Nc2 27.Rb1 Ncxd4 28.Bxd4 Be2 29.Qxe2 Nxd4 30.Qf2 Nxf3+
31.Bxf3 Rc1+ 32.Rxc1 Qxc1+ 33.Kg2 Rc8 34.Nxd5 Rc2 35.Be2 Qxb2 36.Qf6+ Kg8
37.Qd8+ Kg7 38.Qf6+  1/2-1/2

[Event "18th TCh-CRO"]
[Site "Sibenik CRO"]
[Date "2009.09.29"]
[Round "9"]
[White "Movsesian,S"]
[Black "Palac,M"]
[Result "1-0"]
[WhiteElo "2711"]
[BlackElo "2576"]

1.e4 c5 2.Nf3 d6 3.d4 cxd4 4.Nxd4 Nf6 5.Nc3 a6 6.Be2 e5 7.Nb3 Be7 8.O-O O-O
9.Re1 Be6 10.Bf3 Qc7 11.a4 Nc6 12.Nd5 Bxd5 13.exd5 Na5 14.Nxa5 Qxa5 15.Bd2 Qc5
16.Be3 Qc7 17.a5 Rac8 18.c3 Nd7 19.Be2 f5 20.f3 Qd8 21.Bf2 Bg5 22.Bf1 Nf6
23.c4 e4 24.b4 exf3 25.gxf3 Nd7 26.Re6 Bf4 27.Kh1 Qg5 28.Bg1 Be5 29.Rc1 Rfd8
30.Rc2 Nf8 31.Rg2 Qf4 32.Re7 Rb8 33.Bf2 Ng6 34.Bg3 Qh6 35.Bxe5 dxe5 36.Rc7 Qf4
37.d6 Kh8 38.c5 Qxb4 39.Qd2 Qh4 40.Qg5 Qe1 41.Rg1 Rf8 42.h4 Qc3 43.h5 Qxf3+
44.Bg2 Qd3 45.hxg6 Rf6 46.Rxg7 Kxg7 47.gxh7+ Kf7 48.Qg8+ Rxg8 49.hxg8=Q+ Kxg8
50.Bf1+ Kf7 51.Bxd3 Rh6+ 52.Kg2 e4 53.Bc4+  1-0

[Event "Bundesliga 2009-10"]
[Site "Heidelberg GER"]
[Date "2009.12.11"]
[Round "7"]
[White "Svetushkin,D"]
[Black "Movsesian,S"]
[Result "1/2-1/2"]
[WhiteElo "2570"]
[BlackElo "2711"]

1.d4 Nf6 2.c4 e6 3.Nc3 Bb4 4.e3 O-O 5.Ne2 d5 6.a3 Be7 7.Nf4 b6 8.cxd5 exd5
9.Be2 Bb7 10.Bf3 c6 11.O-O Bd6 12.e4 dxe4 13.Nxe4 Nxe4 14.Bxe4 Nd7 15.g3 Nf6
16.Bg2 Qd7 17.Nh5 Nxh5 18.Qxh5 c5 19.dxc5 Bxg2 20.Kxg2 Bxc5 21.Rd1 Qc6+ 22.Qf3 Qxf3+
23.Kxf3 Rfd8 24.Bf4 Kf8 25.b4 Be7 26.Ke4 Re8 27.Kf3 Red8 28.Rxd8+ Rxd8 29.Ke4 a5
30.bxa5 bxa5 31.a4 Bf6 32.Ra2 Rd4+ 33.Kf3 Rc4 34.Re2 g5 35.Bd6+ Kg7 36.Re4 Rc6
37.Bb8 h5 38.h3 Kg6  1/2-1/2

[Event "9th Amplico Life Rapid"]
[Site "Warsaw POL"]
[Date "2009.12.19"]
[Round "1"]
[White "Movsesian,S"]
[Black "Budzinski,J"]
[Result "1-0"]
[WhiteElo "2718"]
[BlackElo "1887"]

1.e4 c5 2.Nf3 e6 3.Nc3 Nc6 4.Bb5 a6 5.Bxc6 bxc6 6.O-O g6 7.d3 Bg7 8.Be3 d6
9.e5 dxe5 10.Bxc5 Ne7 11.Qe2 f6 12.d4 exd4 13.Nxd4 e5 14.Rad1 Qc7 15.Bxe7 Kxe7
16.Qc4  1-0

[Event "9th Amplico Life Rapid"]
[Site "Warsaw POL"]
[Date "2009.12.19"]
[Round "2"]
[White "Weichhold,P"]
[Black "Movsesian,S"]
[Result "0-1"]
[WhiteElo "2180"]
[BlackElo "2718"]

1.e4 c5 2.Nf3 d6 3.d4 cxd4 4.Nxd4 Nf6 5.Nc3 e6 6.Be2 Be7 7.O-O O-O 8.f4 Nc6
9.Be3 Bd7 10.Kh1 Nxd4 11.Bxd4 Bc6 12.Bf3 Nd7 13.e5 dxe5 14.fxe5 Qc7 15.Qe2 a6
16.Rae1 Rac8 17.Bxc6 Qxc6 18.Rf3 b5 19.Rh3 Rfd8 20.Rf1 Qc4 21.Qf3 f5 22.exf6 Bxf6
23.Bxf6 Nxf6 24.Rg3 Rf8 25.Qe2 Ne4 26.Rxf8+ Rxf8 27.Rf3 Rxf3 28.Qxf3 Nxc3
29.bxc3 Qd5 30.Kg1 Qxf3 31.gxf3 Kf7 32.Kf2 Kf6 33.Ke3 Ke5 34.a3 g5 35.Kd3 Kf4
36.c4 bxc4+ 37.Kxc4 Kxf3 38.Kd4 Kf4 39.c4 e5+ 40.Kd5 e4 41.c5 e3 42.c6 e2  0-1

[Event "9th Amplico Life Rapid"]
[Site "Warsaw POL"]
[Date "2009.12.19"]
[Round "5"]
[White "Movsesian,S"]
[Black "Olszewski,Mi"]
[Result "1/2-1/2"]
[WhiteElo "2718"]
[BlackElo "2541"]

1.e4 c5 2.Nf3 d6 3.Nc3 a6 4.d4 cxd4 5.Nxd4 Nf6 6.h3 e5 7.Nde2 h5 8.Be3 Be7
9.Ng3 Be6 10.Nf5 Bxf5 11.exf5 d5 12.Bg5 Nbd7 13.Qf3 Rc8 14.O-O-O d4 15.Bxf6 Nxf6
16.Ne4 Nd5 17.Bd3 Qa5 18.Kb1 Rc6 19.Rhe1 O-O 20.f6 Bxf6 21.Qxh5 g6 22.Qe2 Be7
23.Bc4 Nf4 24.Qf1 Bb4 25.g3 Nh5 26.Bb3 Bxe1 27.Rxe1 Kg7 28.a3 Qb5 29.Qd3 Rb6
30.Nd2 Qxd3 31.cxd3 Rb5 32.Bc4 Rc5 33.b4 Rc7 34.Rxe5 b5 35.Bb3 Rc3 36.Kb2 Rxd3
37.Ne4 Nf6 38.Bc2 Nxe4 39.Bxd3 Nxf2 40.Bf1 f5 41.Kc2 Ne4 42.Bg2 Nxg3 43.Kd3 Kf6
44.Rc5 Rd8 45.Rc6+ Kg5 46.Rxa6 Nh5 47.Bc6 Nf4+ 48.Kd2 d3 49.Bxb5 Rd4 50.Rc6 Nxh3
51.Bxd3 Nf4 52.Rc3 Kf6 53.b5 Ke5 54.b6 Nxd3 55.Rxd3 Rxd3+ 56.Kxd3 Kd6 57.a4 f4
58.Ke4 g5 59.a5 Kc6  1/2-1/2

[Event "9th Amplico Life Rapid"]
[Site "Warsaw POL"]
[Date "2009.12.19"]
[Round "6"]
[White "Mista,A"]
[Black "Movsesian,S"]
[Result "1-0"]
[WhiteElo "2563"]
[BlackElo "2718"]

1.e4 c5 2.Nf3 Nc6 3.d4 cxd4 4.Nxd4 Qb6 5.Nb3 Nf6 6.Nc3 e6 7.Bd3 a6 8.O-O Qc7
9.f4 d6 10.a4 b6 11.Qe2 Bb7 12.Bd2 g6 13.f5 Bg7 14.fxe6 fxe6 15.Bc4 Qe7 16.Bf4 O-O
17.Rad1 Ne5 18.Nd4 Nxc4 19.Qxc4 d5 20.exd5 exd5 21.Qc7 Rf7 22.Qxb6 Nh5 23.Rfe1 Qh4
24.g3 Qh3 25.Nce2 Re8 26.c3 Nf6 27.Nc1 Ne4 28.Nd3 Ref8 29.Ne5  1-0

[Event "9th Amplico Life Rapid"]
[Site "Warsaw POL"]
[Date "2009.12.19"]
[Round "7"]
[White "Movsesian,S"]
[Black "Mikrut,D"]
[Result "1-0"]
[WhiteElo "2718"]
[BlackElo "2400"]

1.e4 c5 2.Nf3 d6 3.Nc3 Nf6 4.d4 cxd4 5.Qxd4 a6 6.e5 Nc6 7.Qa4 Ng4 8.exd6 Qxd6
9.Bf4 e5 10.Bg3 Bd7 11.Rd1 Nd4 12.Qxd4 exd4 13.Bxd6 Bxd6 14.Nxd4 O-O-O 15.h3 Rhe8+
16.Be2 Ne5 17.O-O Bb4 18.Nd5 Bc5 19.Nb3 Ba7 20.c4 Be6 21.Rd2 Kb8 22.Rc1 Rc8
23.Kf1 Red8 24.Ke1 g5 25.Rc3 h5 26.a4 g4 27.h4 g3 28.fxg3 Ng4 29.Bxg4 Bxg4
30.Ne3 Re8 31.c5 Re5 32.Kf2 Be6 33.Nd4 Rcxc5 34.Rxc5 Bxc5 35.Kf3 Bd7 36.b3 b5
37.axb5 axb5 38.Kf4 Bd6 39.Kf3 Kc7 40.Rd3 Bc5 41.Rd2 Kb6 42.Kf4 Bd6 43.Nxb5 Rd5+
44.Nxd6  1-0

[Event "9th Amplico Life Rapid"]
[Site "Warsaw POL"]
[Date "2009.12.19"]
[Round "8"]
[White "Movsesian,S"]
[Black "Tomczak,J"]
[Result "1-0"]
[WhiteElo "2718"]
[BlackElo "2500"]

1.e4 d5 2.exd5 Qxd5 3.Nf3 Bg4 4.Be2 Nc6 5.d4 O-O-O 6.Be3 e5 7.c4 Qa5+ 8.Bd2 Bb4
9.d5 Bxf3 10.Bxf3 Nd4 11.Nc3 Qc5 12.Be2 Nf6 13.O-O Rhe8 14.Rc1 Kb8 15.a3 Bxc3
16.Bxc3 Nxe2+ 17.Qxe2 c6 18.b4 Qd6 19.dxc6 Qxc6 20.Bxe5+ Ka8 21.Qb2 Ne4 22.Bd4 Re6
23.b5 Qd7 24.Be3 f5 25.Qc2 Qc7 26.Rfd1 Rde8 27.Bd4 f4 28.f3 Nc5 29.Bf2 Re2
30.Qxh7 Qb6 31.Rc2 a5 32.Rxe2 Rxe2 33.Qg8+ Ka7 34.Rd8  1-0

[Event "9th Amplico Life Rapid Playoff"]
[Site "Warsaw POL"]
[Date "2009.12.20"]
[Round "1"]
[White "Movsesian,S"]
[Black "Fridman,D2"]
[Result "1-0"]
[WhiteElo "2718"]
[BlackElo "2649"]

1.e4 e5 2.Nf3 Nf6 3.Nxe5 d6 4.Nf3 Nxe4 5.c4 Nc6 6.Nc3 Nxc3 7.dxc3 Bf5 8.Be2 Be7
9.O-O O-O 10.Be3 Bf6 11.h3 Re8 12.Re1 Qd7 13.Qb3 b6 14.a4 h6 15.Bf1 Na5 16.Qd1 Qc6
17.Nd2 Be6 18.Qe2 Bg5 19.Qd3 d5 20.Bxg5 hxg5 21.Qg3 dxc4 22.Qxg5 Bd5 23.h4 f6
24.Qg3 Bf7 25.Nf3 Nb3 26.Rad1 Rad8 27.Rxd8 Rxd8 28.Qf4 Rd7 29.h5 Qd6 30.Qg4 Kf8
31.Nh4  1-0

[Event "8th Gibtelecom Masters"]
[Site "Caleta ENG"]
[Date "2010.02.02"]
[Round "8"]
[White "Koneru,H"]
[Black "Movsesian,S"]
[Result "1/2-1/2"]
[WhiteElo "2614"]
[BlackElo "2708"]

1.d4 Nf6 2.c4 e6 3.Nf3 d5 4.Nc3 dxc4 5.e3 a6 6.Bxc4 c5 7.O-O b5 8.Bb3 Bb7
9.e4 cxd4 10.Nxd4 Nc6 11.Be3 Be7 12.Nxc6 Bxc6 13.Qxd8+ Rxd8 14.f3 O-O 15.Rfd1 Rxd1+
16.Rxd1 Rd8 17.Rxd8+ Bxd8 18.Ne2 Kf8 19.Nd4 Bd7 20.Bc2 Bc7 21.Nb3 Bc8 22.Nc5 Nd7
23.Nxd7+ Bxd7 24.Bc5+ Ke8 25.b4 g6 26.Kf2 Bc6 27.g3 h5 28.Bd4 h4 29.Kg2 hxg3
30.hxg3 Bd6 31.Bc3 Kd7  1/2-1/2

[Event "8th Gibtelecom Masters"]
[Site "Caleta ENG"]
[Date "2010.02.04"]
[Round "10"]
[White "Gustafsson,J"]
[Black "Movsesian,S"]
[Result "1/2-1/2"]
[WhiteElo "2627"]
[BlackElo "2708"]

1.d4 Nf6 2.c4 e6 3.Nc3 Bb4 4.Qc2 O-O 5.a3 Bxc3+ 6.Qxc3 d5 7.Nf3 dxc4 8.Qxc4 b6
9.Bg5 Ba6 10.Qa4 c5 11.dxc5 bxc5 12.Rd1 Qb6 13.Bxf6 gxf6 14.Rd2 Nc6 15.Qh4 Kg7
16.Qg3+ Kh8 17.Qh4 Kg7 18.Qg3+ Kh8 19.Qh4 Kg7 20.Qg3+ Kh8  1/2-1/2

[Event "Match"]
[Site "Wroclaw POL"]
[Date "2010.02.23"]
[Round "3"]
[White "Movsesian,S"]
[Black "Swiercz,D"]
[Result "1-0"]
[WhiteElo "2708"]
[BlackElo "2474"]

1.e4 c6 2.d4 d5 3.e5 c5 4.dxc5 Nc6 5.Bb5 e6 6.Be3 Ne7 7.Nf3 Bd7 8.Bxc6 Bxc6
9.O-O Nf5 10.Bd4 Be7 11.c3 a5 12.b4 O-O 13.a3 Nxd4 14.Nxd4 Qc7 15.Re1 Bd7
16.Qd3 Rfc8 17.Nd2 b6 18.cxb6 Qxb6 19.N2b3 axb4 20.axb4 Rxa1 21.Rxa1 Qc7
22.f4 Bf8 23.Ra5 f6 24.exf6 Qxf4 25.Ra7 Rd8 26.f7+ Qxf7 27.Nc6 Rc8 28.Ne5 Bb5
29.Rxf7 Bxd3 30.Rxf8+ Kxf8 31.Nxd3 Rxc3 32.Nbc5 Ke7 33.b5 Ra3 34.b6 Ra1+
35.Kf2 Rb1 36.b7 Kd6 37.Ke3 g5 38.Kd4 Kc7 39.Ke5  1-0

[Event "DPMM"]
[Site "Halle GER"]
[Date "2010.05.15"]
[Round "2"]
[White "Movsesian,S"]
[Black "Tkachiev,V"]
[Result "1-0"]
[WhiteElo "2717"]
[BlackElo "2636"]

1.e4 e5 2.Nf3 Nc6 3.Bb5 a6 4.Ba4 Nf6 5.O-O b5 6.Bb3 Bc5 7.c3 d6 8.a4 Bb7
9.d3 Ne7 10.Nh4 Ng6 11.Nf5 O-O 12.Qf3 Ne8 13.Be3 Bxe3 14.fxe3 Kh8 15.Nd2 c6
16.Qg3 d5 17.exd5 cxd5 18.d4 f6 19.dxe5 Nxe5 20.Nd4 Nc7 21.Bc2 Qd6 22.Qxg7+ Kxg7
23.Nf5+ Kg8 24.Nxd6 Bc6 25.axb5 Nxb5 26.Nf5 Kh8 27.Nd4 Bd7 28.Bb3 Nc7 29.e4 dxe4
30.Nxe4 f5 31.Nc5 Bc8 32.Rae1 Ng6 33.Bc2 Rb8 34.b4 Nd5 35.Bxf5 Bxf5 36.Nxf5 Rbc8
37.Nd6 Rxf1+ 38.Rxf1 Rc6 39.Nde4 Ngf4 40.c4 Ne2+ 41.Kf2 Ndc3 42.Nxc3 Nxc3
43.Ra1 a5 44.Rxa5 Nd1+ 45.Kf3 Nb2 46.Ra8+ Kg7 47.Ra7+ Kg8 48.Ke4 Rg6 49.Kd4 Rxg2
50.Ne4  1-0

[Event "Rapid Open"]
[Site "Hustopece CZE"]
[Date "2010.06.05"]
[Round "1"]
[White "Movsesian,S"]
[Black "Partys,P"]
[Result "1-0"]
[WhiteElo "2717"]
[BlackElo "2060"]

1.e4 c5 2.Nf3 e6 3.d4 cxd4 4.Nxd4 a6 5.Bd3 Bc5 6.Nb3 Ba7 7.Nc3 Nc6 8.Qg4 Nf6
9.Qg3 b5 10.Bd2 d6 11.O-O-O Bb7 12.f4 e5 13.Nd5 O-O 14.f5 Nxd5 15.exd5 Nd4
16.Nxd4 Bxd4 17.c3 Rc8 18.Kb1 Bb6 19.Bh6 g6 20.fxg6 fxg6 21.Bxg6 Qf6 22.Bd3+ Kh8
23.Bxf8 Rxf8 24.Rhf1 Qe7 25.Rxf8+ Qxf8 26.Rf1 Qg7 27.Qf3 Kg8 28.Bf5 Kh8 29.Be6  1-0

[Event "Rapid Open"]
[Site "Hustopece CZE"]
[Date "2010.06.05"]
[Round "2"]
[White "Kundrik,P"]
[Black "Movsesian,S"]
[Result "0-1"]
[WhiteElo "2226"]
[BlackElo "2717"]

1.e4 c5 2.Nf3 e6 3.g3 d5 4.Nc3 Nf6 5.e5 Nfd7 6.d3 Nc6 7.Bf4 Be7 8.h4 b5 9.Bg2 h6
10.h5 b4 11.Ne2 a5 12.c3 Ba6 13.O-O Qb6 14.Re1 Bd8 15.Be3 Ndxe5 16.Nxe5 Nxe5
17.Nf4 O-O 18.d4 Nc4 19.Bc1 cxd4 20.b3 Nd6 21.cxd4 Bf6 22.Be3 Rac8 23.Qg4 Kh8
24.Rac1 Rc3 25.Rcd1 Rc2 26.Rc1 Rxa2 27.Rc5 a4 28.bxa4 b3 29.Bxd5 exd5 30.Nxd5 Qd8
31.Nb4 Rxa4 32.Nc6 Qb6 33.Qd7 Ne4 34.Rf5 Bc8  0-1